| 000 | 01065nam a22002177a 4500 | ||
|---|---|---|---|
| 008 | 100805s1976EGY|r||| l0| 00| 00| 0 ARA | ||
| 020 | _a7065574 | ||
| 082 |
_a215 _bز ر ك |
||
| 100 |
_917120 _aالزركشي، محمد بن عبدالله |
||
| 245 |
_a/إعلام الساجد بأحكام المساجد _cتصنيف محمد بن عبدالله الزركشي ؛ تحقيق أبوالوفا مصطفى المراغي |
||
| 260 |
_aالقاهرة: _bالمجلس الأعلى للشئون الإسلامية، _c[1976] |
||
| 300 |
_a456 ص: _bصور؛ _c24 سم |
||
| 490 | _917121 | ||
| 500 | _aيشتمل علي كشافات | ||
| 650 |
_917123 _aالمساجد _zمصر |
||
| 650 |
_917321 _aالمساجد _zالسعودية |
||
| 700 |
_917127 _aالمراغي، أبو الوفا مصطفى _eمحقق |
||
| 710 |
_917320 _a وزارة الشئون الإسلامية والأوقاف |
||
| 942 |
_2ddc _cBB |
||
| 999 |
_c14622 _d14622 |
||